|
|
|
|
| LEADER |
00869nab a2200229 i 4500 |
| 001 |
misc63479 |
| 005 |
20221025110753.0 |
| 008 |
220518s1953 hu o 0|| pol d |
| 040 |
|
|
|a SZTE Miscellanea Repozitórium
|b hun
|
| 041 |
|
|
|a pol
|
| 100 |
1 |
|
|a Kotwicz Wladyslaw
|
| 245 |
1 |
4 |
|a Les Mongols promoteurs de l'idée de paix universelle au début du XIIIe siècle
|h [elektronikus dokumentum] /
|c Kotwicz Wladyslaw
|
| 260 |
|
|
|a Nakładem Polskiego Tow. Orientalistycznego
|b Kraków
|c 1953
|
| 300 |
|
|
|a 428-434
|c 22 cm
|
| 300 |
|
|
|a [15] p.
|c 22 cm
|
| 490 |
0 |
|
|a Rocznik Orientalistyczny
|
| 561 |
|
|
|a Németh Gyula hagyaték
|
| 591 |
|
|
|a NOA 2920
|
| 650 |
|
4 |
|a Bölcsészettudományok
|
| 650 |
|
4 |
|a Történettudomány és régészet
|
| 695 |
|
|
|a Mongolok története - 14. sz. - forrás
|
| 856 |
4 |
0 |
|u http://misc.bibl.u-szeged.hu/63479/1/2920_noa_k75.pdf
|z Dokumentum-elérés
|